000 00933nam a2200229Ia 4500
003 GCL
008 140319s9999 xx 000 0 ara d
020 _a5314509953
040 _aGCL /
_cGCL
082 0 4 _a320.6
_bم أ
100 1 _aهانى عبدالله
245 1 0 _aاسرائيل 2020 : خطتها التفصيلية لمستقبل الدولة والمجتمع (مج 1) :
_bالمجلد الاول : مبادئ التخطيط بعيد المدى /
_cهانى عبدالله
700 1 _aالياس شوفانى
700 1 _aسلمان ابو ستة
260 _aبيروت :
_bمركز دراسات الوحدة العربية ،
_c2004
300 _a407 ص ؛
_c24 سم
650 0 4 _aاسرائيل
650 0 4 _aاسرائيل - الاحوال السياسية
650 0 4 _aاسرائيل - السياسة الحكومية
650 0 4 _aاسرائيل - العلاقات الخارجية
942 _2ddc
_cBK
999 _c7304
_d7304